[Event "Titled Tue 1st Jul Early"]
[Site "chess.com INT"]
[Date "2025.07.01"]
[Round "7"]
[White "Terry, Renato"]
[Black "Rakhmanov, Aleksandr"]
[Result "1-0"]
[WhiteTitle "IM"]
[BlackTitle "GM"]
[WhiteElo "2508"]
[BlackElo "2585"]
[WhiteFideId "3803457"]
[BlackFideId "4173708"]
[EventDate "2025.07.01"]

1. d4 Nf6 2. Bg5 Ne4 3. Bf4 d6 4. f3 Nf6 5. e4 e5 6. dxe5 Nh5 7. Be3 dxe5 8.
Qxd8+ Kxd8 9. Bc4 Ke8 10. Nd2 Nd7 11. Nb3 Nb6 12. Bb5+ c6 13. Bf1 Na4 14. O-O-O
a5 15. Ne2 Be6 16. Kb1 Nf6 17. Nec1 Nd7 18. Nd3 c5 19. Nxe5 Nxe5 20. Bb5+ Bd7
21. Rxd7 Nxd7 22. Bxa4 b6 23. Rd1 Ra7 24. Nd2 Rb7 25. Bc6 Rc7 26. Bb5 Ke7 27.
Nc4 f6 28. Bf4 Ne5 29. Bxe5 fxe5 30. Nxb6 Rb7 31. Nd5+ Kf7 32. a4 Be7 33. Rd3
Rd8 34. Rc3 Bd6 35. Ne3 g6 36. Bc6 Rbb8 37. Nc4 Bc7 38. Bd5+ Kf6 39. Na3 Bb6 40.
Rb3 Bc7 41. Nb5 Bb6 42. Rc3 h5 43. Kc1 Kg5 44. Kd2 h4 45. Ke2 Rbc8 46. Na3 Rb8
47. Nc4 Bc7 48. b3 Rdc8 49. Rd3 Rd8 50. Ne3 Rbc8 51. Rc3 Bb6 52. Nc4 Bc7 53. Na3
Bb6 54. Rc4 Kf6 55. Nb1 Rb8 56. Nc3 Ba7 57. Nb5 Bb6 58. Rc3 Kg5 59. Rd3 Kf6 60.
Rd1 Kg5 61. Rf1 Rf8 62. Na3 Rfd8 63. Nc4 Bc7 64. Nb2 Rf8 65. Nd3 Bd6 66. Rd1
Rbd8 67. Rg1 Kf6 68. Bc4 Kg5 69. Bb5 Kf6 70. Nf2 Kg5 71. Ng4 Rh8 72. Rd1 Bc7 73.
Rf1 Kf4 74. Ne3 Kg5 75. Bc4 Bd6 76. Nd5 Kh6 77. Rd1 Kg7 78. Ne3 Bc7 79. Bd5 Bb6
80. Nc4 Bc7 81. Rd3 Rb8 82. Kf2 Rhd8 83. Rd1 Kf6 84. Rf1 Kg7 85. Ke3 Kf6 86. Nb2
Kg7 87. Ke2 Bd6 88. Nd3 Rf8 89. Nf2 Rfd8 90. Nh3 Rf8 91. Ng5 Rfe8 92. Rd1 Kf6
93. Nh3 Bc7 94. Nf2 Red8 95. g3 hxg3 96. hxg3 Kg7 97. Ng4 Rd7 98. Rd3 Rh8 99.
Rd1 Rh3 100. Kf2 Rh8 101. Kg2 Rdd8 102. Rd3 Rd7 103. Rc3 Bd6 104. Rd3 Bc7 105.
Rd1 Rdd8 106. Ne3 Rh5 107. Rh1 Rxh1 108. Kxh1 Kf6 109. Kg2 Rh8 110. Ng4+ Ke7
111. Nf2 Rh7 112. Nd3 Bd6 113. Nb2 Rh8 114. Bc4 Bc7 115. Bd5 Bd6 116. Nd3 Kf6
117. f4 Rd8 118. fxe5+ Bxe5 119. Nxc5 Bc3 120. Nd3 Rh8 121. Bc4 Ke7 122. e5 Rh5
123. e6 Rg5 124. Kf3 Be5 125. g4 Bc3 126. Nf4 Kd6 127. Bd3 Bd2 128. e7 Kxe7 129.
Nxg6+ Kd6 130. Nh4 Rg8 131. Ke2 Bc3 132. Bf5 Ke5 133. Kd3 Bb4 134. Nf3+ Kf4 135.
Nd4 Rd8 136. c3 Bc5 137. Kc4 Bxd4 138. cxd4 Rb8 139. Be6 Rb4+ 140. Kc5 Ke4 141.
Bf5+ Kf4 142. d5 Ke5 143. d6 Rxb3 144. d7 Rc3+ 145. Kb6 Rb3+ 146. Kxa5 Rb8 147.
Ka6 Kd6 148. Ka7 Kc7 149. a5 Rb7+ 150. Ka6 Rb8 151. g5 Kc6 152. Ka7 Kc7 153. g6
Rg8 154. Be4 Kxd7 155. Kb7 Kd6 156. a6 Rg7+ 157. Kb6 Re7 158. a7 Rxe4 159. a8=Q
Rb4+ 160. Ka5 Rc4 161. Qf8+ Kd5 162. Qf7+ Kd4 163. Qxc4+ Kxc4 164. g7 1-0

[Event "Titled Tue 1st Jul Early"]
[Site "chess.com INT"]
[Date "2025.07.01"]
[Round "8"]
[White "Vetokhin, Savva"]
[Black "Esipenko, Andrey"]
[Result "1/2-1/2"]
[WhiteTitle "GM"]
[BlackTitle "GM"]
[WhiteElo "2569"]
[BlackElo "2679"]
[WhiteFideId "44144474"]
[BlackFideId "24175439"]
[EventDate "2025.07.01"]

1. d4 d5 2. c4 e6 3. Nc3 Be7 4. Nf3 Nf6 5. Bg5 h6 6. Bxf6 Bxf6 7. e3 dxc4 8.
Bxc4 c5 9. Ne4 cxd4 10. Nxf6+ Qxf6 11. Qxd4 Qxd4 12. Nxd4 Bd7 13. Ke2 Nc6 14.
Rhd1 Nxd4+ 15. Rxd4 Ke7 16. Rad1 Bc6 17. g3 Rhd8 18. Rxd8 Rxd8 19. Rxd8 Kxd8 20.
a3 Ke7 21. b4 b6 22. Kd2 Kd6 23. Ke2 Ke7 24. Kd2 Kd6 25. Ke2 Ke7 1/2-1/2

[Event "Titled Tue 1st Jul Early"]
[Site "chess.com INT"]
[Date "2025.07.01"]
[Round "8"]
[White "Vlassov, Nikolai"]
[Black "Demchenko, Yaroslav"]
[Result "1-0"]
[WhiteTitle "IM"]
[BlackTitle "CM"]
[WhiteElo "2291"]
[BlackElo "2217"]
[WhiteFideId "4103360"]
[BlackFideId "14186667"]
[EventDate "2025.07.01"]

1. e4 e6 2. d4 d5 3. exd5 exd5 4. Nf3 Nf6 5. c4 Bb4+ 6. Nc3 O-O 7. Bd3 dxc4 8.
Bxc4 Re8+ 9. Be3 Be6 10. Bxe6 Rxe6 11. O-O Nbd7 12. Ng5 Re8 13. Nxf7 Qe7 14. Ng5
h6 15. Qb3+ Kf8 16. Nf3 Ng4 17. Nd5 1-0

[Event "Titled Tue 1st Jul Early"]
[Site "chess.com INT"]
[Date "2025.07.01"]
[Round "8"]
[White "Fernandez Siles, Luis"]
[Black "Dogan, Umut Anil"]
[Result "0-1"]
[WhiteTitle "FM"]
[BlackTitle "CM"]
[WhiteElo "2170"]
[BlackElo "2059"]
[WhiteFideId "2209420"]
[BlackFideId "51618060"]
[EventDate "2025.07.01"]

1. e4 c6 2. d4 d5 3. exd5 cxd5 4. c4 Nf6 5. Nc3 g6 6. cxd5 Nxd5 7. Bc4 Nb6 8.
Bb3 Bg7 9. Nf3 O-O 10. Be3 Nc6 11. h3 Na5 12. O-O Nxb3 13. Qxb3 Be6 14. Qb5 Bc4
15. Qg5 Bxf1 16. Rxf1 e6 17. Qg3 Nd5 18. Bg5 Qd7 19. Ne5 Qc7 20. Nxd5 exd5 21.
Nxg6 Qxg3 22. Ne7+ Kh8 23. fxg3 Bxd4+ 24. Kh2 f6 25. Bf4 Rf7 26. Nxd5 Bxb2 27.
Rf2 Bd4 28. Rd2 Be5 29. Bh6 Rd8 0-1

[Event "Titled Tue 1st Jul Early"]
[Site "chess.com INT"]
[Date "2025.07.01"]
[Round "8"]
[White "Carrasco Miranda, Andres"]
[Black "Arya G Mallar"]
[Result "1-0"]
[WhiteTitle "CM"]
[BlackTitle "WCM"]
[WhiteElo "2226"]
[BlackElo "2000"]
[WhiteFideId "3405990"]
[BlackFideId "25115324"]
[EventDate "2025.07.01"]

1. Nf3 Nf6 2. c4 c5 3. g3 Nc6 4. Bg2 d5 5. cxd5 Nxd5 6. Nc3 Nc7 7. O-O e5 8. a3
Be7 9. b4 cxb4 10. axb4 f6 11. b5 Nd4 12. b6 axb6 13. Rxa8 Nxa8 14. Nxd4 Qxd4
15. e3 Qd7 16. Qh5+ g6 17. Qh6 Bf8 18. Qh4 Bg7 19. Ba3 Nc7 20. Ne4 Nd5 21. Nd6+
Kd8 22. Bxd5 Bf8 23. Qxf6+ 1-0

[Event "Titled Tue 1st Jul Early"]
[Site "chess.com INT"]
[Date "2025.07.01"]
[Round "8"]
[White "Ahmad, Al Khatib"]
[Black "Danzer, George"]
[Result "1-0"]
[WhiteTitle "GM"]
[BlackTitle "CM"]
[WhiteElo "2172"]
[BlackElo "2172"]
[WhiteFideId "8103178"]
[BlackFideId "4659465"]
[EventDate "2025.07.01"]

1. d4 Nf6 2. Nc3 d5 3. Bf4 c6 4. e3 g6 5. Nf3 Bg7 6. Be2 O-O 7. h4 h5 8. Ne5
Nbd7 9. Qd2 a5 10. f3 c5 11. O-O-O c4 12. g4 a4 13. g5 Ne8 14. Nxd5 b5 15. Nc6 1-0

[Event "Titled Tue 1st Jul Early"]
[Site "chess.com INT"]
[Date "2025.07.01"]
[Round "8"]
[White "Shahinyan, Vladimir"]
[Black "Predein, Vladimir"]
[Result "0-1"]
[WhiteTitle "CM"]
[BlackTitle "IM"]
[WhiteElo "2182"]
[BlackElo "2373"]
[WhiteFideId "13314599"]
[BlackFideId "4117786"]
[EventDate "2025.07.01"]

1. c4 e5 2. Nc3 Nc6 3. Nf3 g6 4. d4 exd4 5. Nxd4 Bg7 6. e3 Nge7 7. Be2 d6 8. O-O
O-O 9. b3 Nxd4 10. exd4 Nc6 11. Be3 f5 12. Qd2 f4 13. Bxf4 Nxd4 14. Rae1 Bf5 15.
Bh6 Bxh6 16. Qxh6 c6 17. Rd1 Qf6 18. Qf4 c5 19. Nd5 Nxe2+ 20. Kh1 Nxf4 0-1

[Event "Titled Tue 1st Jul Early"]
[Site "chess.com INT"]
[Date "2025.07.01"]
[Round "8"]
[White "Causo, Deniel"]
[Black "Zaw, Ye Htut"]
[Result "0-1"]
[WhiteTitle "FM"]
[BlackTitle "CM"]
[WhiteElo "2224"]
[BlackElo "2074"]
[WhiteFideId "5203660"]
[BlackFideId "13013955"]
[EventDate "2025.07.01"]

1. e4 d5 2. exd5 Qxd5 3. Nc3 Qa5 4. d4 Nf6 5. Nf3 Nc6 6. Bb5 Nd5 7. Bd2 Nxc3 8.
Bxc6+ bxc6 9. Bxc3 Qd5 10. Qd3 Bf5 11. Qe2 Bg4 12. b3 Bxf3 13. gxf3 e6 14. Bb2
Bb4+ 15. c3 Be7 16. O-O Bd6 17. Kg2 Qg5+ 18. Kh1 Qf4 0-1

[Event "Titled Tue 1st Jul Early"]
[Site "chess.com INT"]
[Date "2025.07.01"]
[Round "8"]
[White "Risteski, Emil"]
[Black "Luong Phuong Hanh"]
[Result "1-0"]
[WhiteTitle "IM"]
[BlackTitle "WIM"]
[WhiteElo "2374"]
[BlackElo "2121"]
[WhiteFideId "15005267"]
[BlackFideId "12401013"]
[EventDate "2025.07.01"]

1. e4 c5 2. Nc3 g6 3. f4 Bg7 4. Nf3 d6 5. Bb5+ Nc6 6. Bxc6+ bxc6 7. d3 Nf6 8.
O-O O-O 9. Qe1 Rb8 10. b3 c4 11. bxc4 Qa5 12. Bd2 Rb2 13. Nd1 Qb6+ 14. Be3 c5
15. Nxb2 Qxb2 16. Qb1 Ng4 17. Qxb2 Bxb2 18. Rab1 Nxe3 19. Rxb2 Nxf1 20. Kxf1 Ba6
21. Rb3 Ra8 22. Ke2 Bc8 23. Ke3 Kf8 24. Nd2 Ke8 25. h3 Kd8 26. e5 Kd7 27. Ne4
Kc7 28. exd6+ exd6 29. Ng5 Bb7 30. Kf2 h6 31. Nxf7 Rf8 32. Nxd6 Kxd6 33. Rxb7
Rxf4+ 34. Ke3 Rf1 35. Rxa7 Rc1 36. Ra6+ Ke5 37. Rxg6 Rxc2 38. g4 Rxa2 39. Rxh6 1-0

[Event "Titled Tue 1st Jul Early"]
[Site "chess.com INT"]
[Date "2025.07.01"]
[Round "8"]
[White "Shukhman, Anna"]
[Black "Jaiswal, Rupesh"]
[Result "1-0"]
[WhiteTitle "WGM"]
[BlackTitle "FM"]
[WhiteElo "2416"]
[BlackElo "2064"]
[WhiteFideId "54180058"]
[BlackFideId "12300870"]
[EventDate "2025.07.01"]

1. e4 c5 2. Nf3 d6 3. d4 cxd4 4. Nxd4 Nf6 5. Nc3 a6 6. Qd3 e5 7. Nf5 Bxf5 8.
exf5 Be7 9. Bg5 Nbd7 10. O-O-O h6 11. Bh4 Rc8 12. Be2 b5 13. Bxf6 Nxf6 14. Bf3
Qc7 15. Kb1 O-O 16. g4 b4 17. Nd5 Nxd5 18. Bxd5 a5 19. h4 Qc5 20. g5 hxg5 21.
hxg5 Bxg5 22. f6 Bh6 23. fxg7 1-0

[Event "Titled Tue 1st Jul Early"]
[Site "chess.com INT"]
[Date "2025.07.01"]
[Round "8"]
[White "Babayeva, Nasrin"]
[Black "Yang, Larry"]
[Result "1-0"]
[WhiteTitle "WFM"]
[WhiteElo "1936"]
[BlackElo "2017"]
[WhiteFideId "13416626"]
[BlackFideId "2637618"]
[EventDate "2025.07.01"]

1. c4 e5 2. g3 Nc6 3. Bg2 g6 4. Nc3 Bg7 5. e4 Nge7 6. Nge2 d6 7. O-O O-O 8. d3
f5 9. Bg5 h6 10. Bxe7 Qxe7 11. Nd5 Qf7 12. Rb1 g5 13. exf5 Bxf5 14. b4 Nd4 15.
Ne3 Bg6 16. Nxd4 exd4 17. Bd5 dxe3 18. Bxf7+ Rxf7 19. fxe3 Re7 20. e4 Bd4+ 21.
Kg2 h5 22. Qd2 g4 23. Qg5 Rg7 24. Qd5+ Kh7 25. Qxd4 1-0

[Event "Titled Tue 1st Jul Early"]
[Site "chess.com INT"]
[Date "2025.07.01"]
[Round "8"]
[White "Yatskar, Martin"]
[Black "Cornelisse, Lorelei"]
[Result "1-0"]
[WhiteTitle "CM"]
[BlackTitle "WFM"]
[WhiteElo "2225"]
[BlackElo "2129"]
[WhiteFideId "34109676"]
[BlackFideId "1087177"]
[EventDate "2025.07.01"]

1. d4 f5 2. c4 Nf6 3. Nf3 g6 4. g3 Bg7 5. Bg2 O-O 6. O-O d6 7. Re1 c6 8. Nc3 Ne4
9. Qc2 Nxc3 10. bxc3 e5 11. e4 Nd7 12. exf5 gxf5 13. Ba3 e4 14. Nh4 Rf7 15. Bxd6
Nf6 16. Be5 Ng4 17. Bxg7 Kxg7 18. f3 exf3 19. Bxf3 Qg5 20. Qc1 Qf6 21. Qf4 Nh6
22. Re5 Bd7 23. Rae1 Rg8 24. Bh5 Kh8 25. Bxf7 Nxf7 26. Re7 Rg4 27. Rxf7 Qxf7 28.
Qe5+ Kg8 29. Qb8+ Kg7 30. Qd8 Be6 31. Qd6 Qf6 32. Rxe6 Qxh4 33. Re7+ 1-0

[Event "Titled Tue 1st Jul Early"]
[Site "chess.com INT"]
[Date "2025.07.01"]
[Round "8"]
[White "Iljin, Timofey"]
[Black "Dovgaliuk, Oleksandr"]
[Result "1-0"]
[WhiteTitle "IM"]
[WhiteElo "2242"]
[BlackElo "2174"]
[WhiteFideId "14110180"]
[BlackFideId "14167247"]
[EventDate "2025.07.01"]

1. e4 c5 2. Nc3 a6 3. g3 b5 4. Bg2 Bb7 5. d3 g6 6. Nh3 Bg7 7. O-O d6 8. f4 e6 9.
f5 Nc6 10. fxe6 fxe6 11. Ng5 Qe7 12. Rf7 Qxf7 13. Nxf7 Kxf7 14. Bf4 Ke7 15. e5
d5 16. Qg4 Nd4 17. Ne2 Nf5 18. c4 Rd8 19. cxd5 Bxd5 20. Bxd5 Rxd5 21. Nc3 Rxd3
22. Qe2 Rd4 23. Qf3 Ngh6 24. Qb7+ Rd7 25. Bg5+ Ke8 26. Qc8+ 1-0

[Event "Titled Tue 1st Jul Early"]
[Site "chess.com INT"]
[Date "2025.07.01"]
[Round "8"]
[White "Daulet, Alikhan"]
[Black "Soza de la Carrera, Jose"]
[Result "0-1"]
[WhiteTitle "CM"]
[BlackTitle "CM"]
[WhiteElo "2075"]
[BlackElo "2221"]
[WhiteFideId "13741632"]
[BlackFideId "3401278"]
[EventDate "2025.07.01"]

1. d4 f5 2. e4 fxe4 3. Nc3 Nf6 4. Bg5 Nc6 5. Nge2 d5 6. Nf4 e6 7. Bb5 Be7 8. f3
exf3 9. Qxf3 O-O 10. Bxc6 bxc6 11. O-O-O Ne4 12. Bxe7 Qxe7 13. Nxe4 e5 14. dxe5
Qxe5 15. Nc5 Qxf4+ 16. Qxf4 Rxf4 17. Rhe1 Bg4 18. Rd2 Raf8 19. Nd3 Rf1 20. h3
Rxe1+ 21. Nxe1 Rf1 22. hxg4 Rxe1+ 23. Rd1 Rxd1+ 24. Kxd1 Kf7 25. b4 Kf6 26. Ke2
Ke5 27. Kd3 Kf4 28. Kd4 Kxg4 29. Kc5 Kg3 30. Kxc6 Kxg2 31. Kxc7 h5 32. Kb7 h4
33. Kxa7 h3 34. b5 h2 35. b6 h1=Q 36. b7 Qg1+ 37. Ka8 Qa1 38. b8=Q Qxa2+ 39. Kb7
Qb2+ 40. Kc7 Qxb8+ 41. Kxb8 Kf3 42. Kc7 g5 43. Kd6 Ke4 0-1

[Event "Titled Tue 1st Jul Early"]
[Site "chess.com INT"]
[Date "2025.07.01"]
[Round "8"]
[White "Dighton, Simon"]
[Black "Garbuz, Vitaliy"]
[Result "0-1"]
[WhiteTitle "CM"]
[BlackTitle "CM"]
[WhiteElo "2237"]
[BlackElo "2243"]
[WhiteFideId "408603"]
[BlackFideId "12990710"]
[EventDate "2025.07.01"]

1. d4 d5 2. Bf4 c5 3. dxc5 Nc6 4. Nf3 e6 5. e3 Bxc5 6. Nbd2 Nf6 7. c3 O-O 8. Bd3
Re8 9. Ne5 Bd6 10. Ndf3 Qc7 11. Nxc6 bxc6 12. Bg5 e5 13. Bxf6 gxf6 14. e4 f5 15.
Ng5 f6 16. Qh5 Re7 17. exf5 e4 18. Be2 fxg5 19. f6 Re5 20. O-O-O Qf7 21. Qh6 Bf8
22. Bh5 Bxh6 23. Bxf7+ Kxf7 0-1

[Event "Titled Tue 1st Jul Early"]
[Site "chess.com INT"]
[Date "2025.07.01"]
[Round "8"]
[White "Kislinsky, Alexey"]
[Black "Lopez Rayo, Isabella"]
[Result "1-0"]
[WhiteTitle "GM"]
[BlackTitle "WFM"]
[WhiteElo "2341"]
[BlackElo "1998"]
[WhiteFideId "14108801"]
[BlackFideId "4452755"]
[EventDate "2025.07.01"]

1. e4 e5 2. Nf3 Nc6 3. Bc4 a6 4. a3 Nf6 5. d3 Bc5 6. O-O O-O 7. h3 d6 8. Be3
Bxe3 9. fxe3 Be6 10. Bxe6 fxe6 11. Nbd2 Ne7 12. Ng5 Qd7 13. c3 h6 14. Ngf3 Ng6
15. d4 exd4 16. cxd4 Qb5 17. Qc2 Rac8 18. e5 Nxe5 19. dxe5 dxe5 20. Ne4 Nd5 21.
Rae1 Rf5 22. Nd6 1-0

[Event "Titled Tue 1st Jul Early"]
[Site "chess.com INT"]
[Date "2025.07.01"]
[Round "8"]
[White "Rakhmanov, Aleksandr"]
[Black "Eswaran, Ashritha"]
[Result "1-0"]
[WhiteTitle "GM"]
[BlackTitle "FM"]
[WhiteElo "2585"]
[BlackElo "2236"]
[WhiteFideId "4173708"]
[BlackFideId "2080788"]
[EventDate "2025.07.01"]

1. c4 e5 2. Nf3 Nc6 3. d4 exd4 4. Nxd4 Nf6 5. Nxc6 bxc6 6. g3 Be7 7. Bg2 O-O 8.
O-O d5 9. cxd5 cxd5 10. Nc3 c6 11. Bg5 Be6 12. Rc1 Rb8 13. Na4 h6 14. Bxf6 Bxf6
15. b3 Qd6 16. Qd2 Rfc8 17. Nc5 Rb5 18. Ne4 Qe7 19. Nxf6+ Qxf6 20. Rfd1 a5 21.
e3 Qe7 22. Rc3 Qb4 23. Qd4 c5 24. Qxb4 axb4 25. Rc2 c4 26. Rd4 Ra8 27. bxc4 Rc5
28. Bxd5 Bxd5 29. Rxd5 Rc6 30. c5 Ra3 31. Rd6 Rc3 32. Rxc6 Rxc2 33. Rc8+ Kh7 34.
Rb8 Rxc5 35. Rxb4 Rc2 36. a4 Ra2 37. h4 h5 38. Kg2 g6 39. Rf4 Kg7 40. Kf1 f5 41.
Ke1 Kf6 42. Kd1 Ke5 43. Kc1 Kd5 44. Kb1 Ra3 45. Kb2 Rd3 46. Rd4+ 1-0

[Event "Titled Tue 1st Jul Early"]
[Site "chess.com INT"]
[Date "2025.07.01"]
[Round "8"]
[White "Shuvalov, Evgenij"]
[Black "Nifdaliyev, Jahangir"]
[Result "1-0"]
[BlackTitle "FM"]
[WhiteElo "1980"]
[BlackElo "2312"]
[WhiteFideId "4187237"]
[BlackFideId "13407740"]
[EventDate "2025.07.01"]

1. d4 Nf6 2. c4 g6 3. Nc3 d5 4. cxd5 Nxd5 5. e4 Nxc3 6. bxc3 Bg7 7. Bc4 O-O 8.
Ne2 c5 9. Be3 Nc6 10. Rc1 cxd4 11. cxd4 Qa5+ 12. Rc3 Bg4 13. f3 Rad8 14. Qd2 Be6
15. Bxe6 fxe6 16. a3 Kh8 17. Rd3 Qxd2+ 18. Kxd2 Na5 19. Rc1 b5 20. Ke1 Nc4 21.
Bf2 a6 22. a4 Rc8 23. axb5 axb5 24. Rb3 Rb8 25. Rcb1 Rf7 26. Rxb5 Rff8 1-0

[Event "Titled Tue 1st Jul Early"]
[Site "chess.com INT"]
[Date "2025.07.01"]
[Round "8"]
[White "Bilochenko, Matvii"]
[Black "Vasilenok, Anton"]
[Result "1-0"]
[WhiteTitle "CM"]
[BlackTitle "CM"]
[WhiteElo "2005"]
[BlackElo "2137"]
[WhiteFideId "41834062"]
[BlackFideId "34133124"]
[EventDate "2025.07.01"]

1. b3 e5 2. Bb2 f6 3. e4 c6 4. Nf3 d5 5. exd5 cxd5 6. Nxe5 fxe5 7. Qh5+ Kd7 8.
Qf7+ Ne7 9. Bb5+ Nc6 10. O-O Qc7 11. Nc3 Qd6 12. Rae1 a6 13. Bxc6+ bxc6 14. Na4
Qf6 15. Nb6+ Kc7 16. Bxe5+ Qxe5 17. Rxe5 Kxb6 18. Rxe7 Bxe7 19. Qxe7 Bf5 20.
Qe3+ Kc7 21. Qf4+ Kb6 22. Qxf5 1-0

[Event "Titled Tue 1st Jul Early"]
[Site "chess.com INT"]
[Date "2025.07.01"]
[Round "8"]
[White "Chiu, Isaac"]
[Black "Cacheiro Blanco, Diego"]
[Result "1-0"]
[BlackTitle "FM"]
[WhiteElo "2226"]
[BlackElo "2383"]
[WhiteFideId "30900654"]
[BlackFideId "54541042"]
[EventDate "2025.07.01"]

1. e3 Nf6 2. d3 g6 3. d4 Bg7 4. g3 O-O 5. Bg2 d5 6. Ne2 c5 7. O-O Nbd7 8. Nbc3
e6 9. b3 b6 10. a4 a5 11. Ba3 Ba6 12. Re1 Rc8 13. Nb5 Nb8 14. c4 Re8 15. Nf4
Bxb5 16. axb5 cxd4 17. exd4 Ne4 18. cxd5 exd5 19. Rc1 Rxc1 20. Qxc1 Bxd4 21.
Bxe4 Rxe4 22. Rd1 g5 23. Nh5 Nd7 24. Qc6 Nc5 25. Rxd4 Rxd4 26. Qh6 Rd1+ 27. Kg2 1-0

[Event "Titled Tue 1st Jul Early"]
[Site "chess.com INT"]
[Date "2025.07.01"]
[Round "8"]
[White "Kim, Sergey"]
[Black "Vihaan Karthikeya N"]
[Result "1-0"]
[WhiteTitle "FM"]
[BlackTitle "CM"]
[WhiteElo "2295"]
[BlackElo "2179"]
[WhiteFideId "13700570"]
[BlackFideId "25950673"]
[EventDate "2025.07.01"]

1. d4 d5 2. c4 e6 3. Nc3 Be7 4. Nf3 Nf6 5. Bf4 O-O 6. e3 c6 7. c5 b6 8. b4 a5 9.
a3 b5 10. h3 Nbd7 11. Bd3 Re8 12. O-O Nh5 13. Bh2 Nhf6 14. Qb1 Bb7 15. a4 axb4
16. Qxb4 Ba6 17. axb5 Bxb5 18. Bxb5 cxb5 19. Qxb5 Rxa1 20. Rxa1 Qc8 21. Ra7 Nf8
22. Be5 N6d7 23. Bg3 Bf6 24. c6 Nb8 25. Rc7 Qd8 26. Rb7 Nxc6 27. Qxc6 Qa8 28.
Rc7 Qa1+ 29. Kh2 Rd8 30. Rc8 Rxc8 31. Qxc8 Qa3 32. Nb5 1-0

[Event "Titled Tue 1st Jul Early"]
[Site "chess.com INT"]
[Date "2025.07.01"]
[Round "8"]
[White "Waldhausen Gordon, Frederick"]
[Black "Marchesich, Giovanni"]
[Result "1-0"]
[WhiteTitle "FM"]
[BlackTitle "CM"]
[WhiteElo "2395"]
[BlackElo "2189"]
[WhiteFideId "2409143"]
[BlackFideId "2824790"]
[EventDate "2025.07.01"]

1. d4 g6 2. Nf3 Bg7 3. g3 d6 4. Bg2 Nc6 5. O-O Nf6 6. c4 O-O 7. Nc3 e5 8. dxe5
dxe5 9. Bg5 Qxd1 10. Raxd1 h6 11. Bxf6 Bxf6 12. Nd2 Be6 13. Nde4 Be7 14. Nd5
Bxd5 15. cxd5 Nd4 16. e3 Nb5 17. Nd2 Nd6 18. h4 f5 19. Rc1 Rac8 20. Rc2 f4 21.
Bh3 Nf5 22. e4 Nd4 23. Rc4 Rce8 24. Rxc7 Ne2+ 25. Kg2 fxg3 26. fxg3 Rxf1 27.
Nxf1 g5 28. Be6+ Kh8 29. h5 b6 30. Ne3 Nd4 31. Bf7 Bd6 32. Rxa7 Rf8 33. Rd7 Bc5
34. Ng4 Ra8 35. a3 Kg7 36. Bg6+ Kf8 37. Nf6 1-0

[Event "Titled Tue 1st Jul Early"]
[Site "chess.com INT"]
[Date "2025.07.01"]
[Round "8"]
[White "Lopez Rayo, Santiago"]
[Black "Arun, Siddharth"]
[Result "1-0"]
[WhiteTitle "FM"]
[WhiteElo "2350"]
[BlackElo "1978"]
[WhiteFideId "4455665"]
[BlackFideId "2079178"]
[EventDate "2025.07.01"]

1. e4 c5 2. Nf3 Nc6 3. d4 cxd4 4. Nxd4 Nf6 5. Nc3 e5 6. Ndb5 d6 7. Nd5 Nxd5 8.
exd5 Ne7 9. c4 Ng6 10. Qa4 Bd7 11. Qb4 Qb8 12. h4 h5 13. Be3 Be7 14. Bd3 f5 15.
Bg5 a6 16. Bxe7 Kxe7 17. Nc3 Qc7 18. O-O-O b5 19. cxb5 axb5 20. Kb1 Rhb8 21.
Rhe1 Kf8 22. g3 Kg8 23. Bxb5 Bxb5 24. Nxb5 Qb6 25. a4 Qxf2 26. Qxd6 Kh7 27. Qc7
Rb6 28. Rf1 Qe2 29. Qxb6 1-0

[Event "Titled Tue 1st Jul Early"]
[Site "chess.com INT"]
[Date "2025.07.01"]
[Round "8"]
[White "Sriansh Das"]
[Black "Duarte Cramer, Lily Jeanette"]
[Result "0-1"]
[WhiteTitle "FM"]
[BlackTitle "WCM"]
[WhiteElo "2340"]
[BlackElo "1828"]
[WhiteFideId "45030081"]
[BlackFideId "29620180"]
[EventDate "2025.07.01"]

1. e4 e5 2. Nf3 Nc6 3. Bc4 Be7 4. O-O Nf6 5. d3 O-O 6. Re1 d6 7. a4 a6 8. Nc3
Be6 9. Bxe6 fxe6 10. d4 exd4 11. Nxd4 Nxd4 12. Qxd4 e5 13. Qc4+ Kh8 14. Bg5 Ng4
15. Be3 Bg5 16. Bxg5 Qxg5 17. Re2 Qh4 18. h3 Nxf2 19. Nd5 Qg3 20. Re3 Nxh3+ 21.
Kh1 Nf2+ 22. Kg1 Qh4 23. Kf1 Nxe4+ 24. Ke2 Rf2+ 25. Kd1 Rd2+ 26. Kc1 Qh1+ 0-1

[Event "Titled Tue 1st Jul Early"]
[Site "chess.com INT"]
[Date "2025.07.01"]
[Round "8"]
[White "Khandhadia, Nivaan Rathin"]
[Black "Rabin, Evan"]
[Result "1-0"]
[WhiteTitle "CM"]
[WhiteElo "2112"]
[BlackElo "1945"]
[WhiteFideId "25753274"]
[BlackFideId "2028670"]
[EventDate "2025.07.01"]

1. d4 Nf6 2. c4 e6 3. Nf3 b6 4. Nc3 Bb4 5. Qc2 Bb7 6. e3 O-O 7. Bd3 c5 8. dxc5
Bxc5 9. Ne4 Bb4+ 10. Bd2 Bxd2+ 11. Nfxd2 h6 12. Nxf6+ Qxf6 13. Ne4 Qe5 14. O-O
Na6 15. a3 Rac8 16. Qc3 Qxc3 17. Nxc3 Nc5 18. Bc2 Rfd8 19. b4 Na6 20. Nb5 Rxc4
21. Bd3 Rg4 22. f3 Rg5 23. Nd6 Nxb4 24. axb4 Bc6 25. b5 Rd5 26. bxc6 dxc6 27.
Nb7 Rxd3 28. Nxd8 Rxd8 29. Rfd1 Ra8 30. Rd7 c5 31. Raxa7 Rc8 32. Rxf7 1-0

[Event "Titled Tue 1st Jul Early"]
[Site "chess.com INT"]
[Date "2025.07.01"]
[Round "8"]
[White "Svane, Frederik"]
[Black "Hari, Madhavan N B"]
[Result "0-1"]
[WhiteTitle "GM"]
[BlackTitle "IM"]
[WhiteElo "2659"]
[BlackElo "2365"]
[WhiteFideId "12923044"]
[BlackFideId "25054309"]
[EventDate "2025.07.01"]

1. e4 e5 2. Nf3 Nc6 3. Bc4 Nf6 4. d3 h6 5. a3 d6 6. Nc3 g6 7. Be3 Bg7 8. Qd2 Ng4
9. h3 Nxe3 10. fxe3 O-O 11. O-O Kh7 12. d4 f5 13. exf5 Bxf5 14. Bd5 Ne7 15. Bxb7
Rb8 16. Be4 Rxb2 17. Bxf5 Nxf5 18. Qd3 exd4 19. exd4 c5 20. dxc5 dxc5 21. Nd5
Nd4 22. c4 Rb3 23. Qe4 Nxf3+ 24. gxf3 Bxa1 25. Rxa1 Qg5+ 26. Kh1 Rbxf3 0-1